Châm cứu tổng hợp = general acupuncture

Wedi'i Gadw mewn:
Manylion Llyfryddiaeth
Prif Awdur: Thái Hà
Fformat: Llyfr
Iaith:Undetermined
Cyhoeddwyd: H. Y Học 2002
Pynciau:
Tagiau: Ychwanegu Tag
Dim Tagiau, Byddwch y cyntaf i dagio'r cofnod hwn!
Thư viện lưu trữ: Trung tâm Học liệu Trường Đại học Cần Thơ
LEADER 00471nam a2200181Ia 4500
001 CTU_54123
008 210402s9999 xx 000 0 und d
020 |b 95000 
082 |a 615.892 
082 |b H100 
100 |a Thái Hà 
245 0 |a Châm cứu tổng hợp 
245 0 |b = general acupuncture 
260 |a H. 
260 |b Y Học 
260 |c 2002 
650 |a folk medicine,acupuncture 
980 |a Trung tâm Học liệu Trường Đại học Cần Thơ